|
|
|
|
| LEADER |
00000nam a2200000 a 4500 |
| 001 |
vtls010484394 |
| 003 |
SK-MaSNL |
| 005 |
20260331205451.0 |
| 008 |
160430s2012 xo a b 000 0 slo |
| 015 |
|
|
|a SNBSAB2012
|
| 035 |
|
|
|a 2B93852F-22A3-4EDD-B241-C67B0DCC5C42
|
| 035 |
|
|
|a urn:nbn:sk:snk-amjmkj
|
| 035 |
|
|
|a urn:nbn:sk:snk-am003ev2
|
| 040 |
|
|
|a SNK
|b slo
|c SNK
|e AACR2
|
| 041 |
0 |
|
|a slo
|
| 044 |
|
|
|a xo
|c SK
|
| 072 |
|
7 |
|a 821.133.1.09
|x Francúzska literatúra, francúzsky písaná (o nej)
|2 konspekt
|
| 072 |
|
7 |
|a 01
|x Bibliografia. Katalógy
|2 konspekt
|
| 080 |
|
|
|a 821.133.1-051
|2 2001
|
| 080 |
|
|
|a 821.133.1-3
|2 2001
|
| 080 |
|
|
|a 82-311.9
|2 2001
|
| 080 |
|
|
|a 929
|2 2001
|
| 080 |
|
|
|a 012
|2 2001
|
| 080 |
|
|
|a (041)
|2 2001
|
| 100 |
1 |
|
|a Mižáková, Helena,
|d 1958-
|4 com
|9 80024
|
| 245 |
1 |
0 |
|a Jules Verne
|b bibliografický leták
|c zostavila: Helena Mižáková ; zodp. redaktor: Monika Lobodášová ; grafická úprava: Tatiana Némethová
|
| 250 |
|
|
|a [1. vyd.]
|
| 260 |
|
|
|a Nitra
|b Krajská knižnica Karola Kmeťka
|c 2012
|
| 300 |
|
|
|a 1 zlož. list ([(5] s.)
|b ilustr.
|c 21 x 30 cm, po zložení 21 x 10 cm
|
| 366 |
|
|
|e 50 výt.
|
| 500 |
|
|
|a Obsahuje biogr. údaje
|
| 504 |
|
|
|a Usporiadané abecedne 31 zázn.. Obsahuje bibliogr. odkazy
|
| 600 |
1 |
7 |
|a Verne, Jules,
|d 1828-1905
|2 SNKMA
|9 221838
|
| 650 |
0 |
7 |
|a francúzski spisovatelia
|y 19. stor.
|2 SNKPH
|9 602846
|
| 650 |
0 |
7 |
|a francúzska próza
|y 19. stor.
|2 SNKPH
|9 602847
|
| 650 |
0 |
7 |
|a vedecko-fantastická próza
|y 19. stor.
|2 SNKPH
|9 602848
|
| 650 |
0 |
7 |
|a French authors
|y 19th century
|2 SNKPHeng
|9 602849
|
| 650 |
0 |
7 |
|a French prose literature
|y 19th century
|2 SNKPHeng
|9 602850
|
| 650 |
0 |
7 |
|a science fiction prose literature
|y 19th century
|2 SNKPHeng
|9 602851
|
| 655 |
|
7 |
|a bibliografické letáky
|2 SNKPH
|9 74589
|
| 655 |
|
7 |
|a bibliographic pamphlets
|2 SNKPHeng
|9 330390
|
| 700 |
1 |
|
|a Lobodášová, Monika
|4 lso
|9 337326
|
| 700 |
1 |
|
|a Némethová, Tatiana
|4 bkd
|9 317665
|
| 710 |
2 |
|
|a Krajská knižnica Karola Kmeťka v Nitre
|4 pbl
|9 132267
|
| 958 |
|
|
|a PB
|
| 958 |
|
|
|a NB
|
| 958 |
|
|
|a BC
|
| 999 |
|
|
|c 924809
|d 926739
|
| 952 |
|
|
|a SNK
|b SNK
|y PREZ
|7 0
|p 17A1061368
|o snkOSC 26309
|i snk2013/1430
|8 0
|0 0
|1 0
|4 0
|d 2013-01-22
|f 1
|l 0
|r 2026-02-24 08:28:53
|w 2026-02-24
|
| 952 |
|
|
|a SNK
|b SNK
|y PREZ
|7 0
|p 17A1061367
|o snkOSC 26309 D1
|i snk2013/1431
|8 0
|0 0
|1 0
|4 0
|d 2013-01-22
|l 0
|r 2026-02-24 08:28:53
|w 2026-02-24
|